| 000 | 00348nam a2200145Ia 4500 | ||
|---|---|---|---|
| 008 | 190328s9999||||xx |||||||||||||| ||und|| | ||
| 082 |
_a345.54 _bTAN/I |
||
| 100 | _aTandan, M. P. | ||
| 245 | 0 | _aIndian Penal Code | |
| 250 | _a26th | ||
| 260 |
_aFaridabad _bAllahabad Law Agency _c2015 |
||
| 300 | _a811 | ||
| 650 | _aIndian Penal Code | ||
| 942 | _cBK | ||
| 999 |
_c4122 _d4122 |
||